Alien and Predator Films - Statistics

General Stats
  • This quiz has been taken 32 times
  • The average score is 12 of 13
Answer Stats
Release Year Cast Movie % Correct
1979 Sigourney Weaver, Harry Dean Stanton, Ian Holm Alien
100%
1992 Sigourney Weaver, Charles S. Dutton, Charles Dance Alien 3
100%
1987 Arnold Schwarzenegger, Carl Weathers, Jesse Ventura Predator
100%
1990 Danny Glover, Gary Busey, Bill Paxton Predator 2
100%
2018 Trevante Rhodes, Boyd Holbrook, Keegan Michael Key The Predator
100%
1986 Sigourney Weaver, Michael Biehn, Lance Henriksen Aliens
93%
2004 Sanaa Lathan, Lance Henriksen, Ewen Bremner Alien vs. Predator
93%
2010 Adrien Brody, Alice Braga, Walton Goggins Predators
89%
2022 Amber Midthunder, Dakota Beavers, Dane DiLiegro, Prey
86%
1997 Sigourney Weaver, Winona Ryder, Ron Perlman Alien: Resurrection
82%
2012 Michael Fassbender, Charlize Theron, Guy Pearce Prometheus
79%
2017 Michael Fassbender, Katherine Waterson, Danny McBride Alien: Covenant
75%
2007 Reiko Aylsworth, Steven Pasquale, Shareeka Epps Alien vs. Predator 2
54%
No matching quizzes found
Score Distribution
Percent of People with Each Score
Percentile by Number Answered
Your Score History
You have not taken this quiz